Представление документа в формате RUSMARC

ПолеНазваниеЗначение
  Тип записи a
  Библиографический уровень m
001 Контрольный номер RU/SLIB/B/208737696
005 Дата корректировки 20231226150301.3
010 Индекс ISBN __
a ISBN 5-8138-0186-3
d Цена 56-30
101 Язык документа 0_
a Язык текста rus
c Язык оригинала rus
200 Заглавие и сведения об ответственности 1_
a Заглавие Страны мира
e Сведения, относящиеся к заглавию энцикл. справ.
f Первые сведения об ответственности сост.: О. И. Богданович [и др.] ; под общ. ред. С. А. Семеницкого
b Общее обозначение материала Текст
210 Выходные данные 1_
a Место издания Смоленск
c Издательство Русич
d Дата издания 2001
215 Физическое описание __
a Объем 624 с.
c Иллюстрации/тип воспроизводства ил.
330 Аннотация __
a Аннотация Энциклопедический справочник содержит статистическую информацию 1996 - 2000 годов обо всех странах мира.
606 Тематические рубрики __
a Основная рубрика География
z Хронологическая подрубрика 1996-2000 гг.; 20 в. кон.
606 Тематические рубрики __
a Основная рубрика Страноведение
610 Ключевые слова 0_
a Ключевые слова государства; климат; население; достопримечательности; государственное устройство; страноведение; география; история; статистика
686 Индексы других классификаций __
a Классификационный индекс 26.89(0)я2; ст26.89(0)я2
702 Вторичная интеллектуальная ответственность _1
a Фамилия Богданович
b Имя О. И.
4 Код отношения Составитель
4 Код отношения 220
702 Вторичная интеллектуальная ответственность _1
a Фамилия Семеницкий
b Имя С. А.
4 Код отношения Главный редактор
4 Код отношения 651
801 Источник записи _0
a Страна RU
b Организация Муниципальное бюджетное учреждение культуры "Централизованная библиотечная система" г. Сургут (Центральная городская библиотека им. А. С. Пушкина)
g Правила каталогизации КиК/Поспелова
801 Источник записи _1
a Страна RU
b Организация Муниципальное бюджетное учреждение культуры "Централизованная библиотечная система" г. Сургут (Центральная городская библиотека им. А. С. Пушкина)
g Правила каталогизации КиК/Поспелова
852 Данные о местонахождении __
j Шифр хранения 26.89(0)я2
c Каталожный индекс 65.5я2
i Авторский знак С 83
901 Тип документа __
t Тип документа m
903 Характеристики (МАРС) __
a Дата передачи 20030401
969 Тип издания __
a Тип издания энциклопедия; справочник
990 Данные о заказе (DOS) __
j Количество экземпляров (DOS) 3
t N записи в КСУ для И/У (DOS) 200304